000 00332pab a2200145 454500
008 180718b1999 xxu||||| |||| 00| 0 eng d
100 _aThudipara, Jacob Z.
245 _aStrengthen civil society
260 _c1999
300 _ap.31-32
362 _aMay
650 _aCivil society
773 _aSocial Welfare
909 _a40773
999 _c40773
_d40773